étymologie médicale des organes (part.3) - Statistiques

Statistiques générales
  • Ce quiz a été pris 664 fois
  • Le résultat moyen est 6 sur 9
Statistiques - réponses
Préfixes Traduction % Correct
Urétr(o) urètre
96%
Thorac(o) Thorax
94%
Trach Trachée
92%
Vas/ Vascul(o) Vaisseau
57%
Splén(o) Rate
55%
Ventr Ventricule
46%
Ur(o) urine
45%
Salping(o) Trompe
39%
Urér(o) utérus
36%
Aucun quiz correspondant
Distribution des résultats
% des personnes avec chaque résultat
Percentile par nombre de réponses
Votre historique - résultats
Vous n’avez pas pris ce quiz